00349nam a2200133Ia 4500008004100000041000800041082001400049100001700063245004400080250001400124260003700138300003300175365000700208240624s9999 xx 000 0 und d aeng a658.3 ASW aASWATHAPPA K aHUMAN RESOURCE AND PERSONNEL MANAGEMENT a(3rd ed.) c2004aNew DelhibTata McGrawhill axxvii, : 615 : p. : cm. ; 24 cRS